000 00505nam a2200181Ia 4500
003 GCL
008 140319s9999 xx 000 0 eng d
040 _aGCL /
_cGCL
082 0 4 _aCC
_b050.941
_bM C
100 1 _aBIANQUIS, THIERRY
245 1 0 _aCHRONIQUE D'EGYPTE /
_cBIANQUIS, THIERRY
700 1 _aMUSABBIHI, IZZ AL-MULK MUHAMMAD
700 1 _aSYYID, AYMDN FUAD
260 _a[S.N] :
_bINSTITUT FRANCAIS DE RECHERCHE SCIENT
650 0 4 _aEGYPTOLOGY
650 0 4 _aEGYPT - HISTORY
942 _2ddc
_cBK
999 _c19551
_d19551